Основы физики: учебное пособие для вузов

Dettagli Bibliografici
Autore principale: Дмитриева В. Ф. Валентина Феофановна
Altri autori: Прокофьев В. Л. Владимир Леонидович
Lingua:russo
Pubblicazione: Москва, Высшая школа, 2001
Edizione:2-е изд., испр. и доп.
Soggetti:
Natura: MixedMaterials Libro
KOHA link:https://koha.lib.tpu.ru/cgi-bin/koha/opac-detail.pl?biblionumber=29390

MARC

LEADER 00000nam0a2200000 4500
001 29390
005 20231101205915.0
010 |a 5060037908 
035 |a (RuTPU)RU\TPU\book\29651 
035 |a BOOK00029726 
090 |a 29390 
100 |a 20011209d2001 m y0rusy50 ca 
101 0 |a rus 
102 |a RU 
105 |a a j 001zy 
200 1 |a Основы физики  |e учебное пособие для вузов  |f В. Ф. Дмитриева, В. Л. Прокофьев 
205 |a 2-е изд., испр. и доп. 
210 |a Москва  |c Высшая школа  |d 2001 
215 |a 527 с.  |c ил. 
320 |a Предм. указ.: с. 510-519. 
451 1 |0 (RuTPU)RU\TPU\book\61850  |y 5-06-003790-8  |t Основы физики  |o учебное пособие  |f В. Ф. Дмитриева, В. Л. Прокофьев  |e 3-е изд., испр. и доп.  |c М.  |n Высшая школа  |d 2003  |p 527 с.  |a Дмитриева, Валентина Феофановна 
451 1 |0 (RuTPU)RU\TPU\book\5423  |y 5-06-003088-1  |t Основы физики (лекции)  |o учебное пособие  |f В. Ф. Дмитриева, В. Л. Прокофьев, П. И. Самойленко  |c М.  |n Высшая школа  |d 1997  |p 447 с.  |a Дмитриева, Валентина Феофановна 
606 |a Физика  |2 stltpush  |3 (RuTPU)RU\TPU\subj\63709  |9 80688 
610 1 |a теория 
610 1 |a задачи 
610 1 |a решения 
610 1 |a учебные пособия 
675 |a 53(075.8)  |v 3 
700 1 |a Дмитриева  |b В. Ф.  |g Валентина Феофановна 
701 1 |a Прокофьев  |b В. Л.  |g Владимир Леонидович 
801 0 |a RU  |b 63413507  |c 20011209  |g PSBO 
801 2 |a RU  |b 63413507  |c 20201105  |g PSBO 
942 |c BK